00312 2200133 4500001002100000005001500021035002000036245005100056300000700107260003100114082000800145084001200153990001300165INLIS00000000000210420250527100852 a0010-0525000396 aSatu Bumi Satu Keluarga /cDrs. I Nyoman Suaka a88 bAdinda Tuti Kenasih,c1999 a813 a813 SAT a30712503